| 000 | 00926nas a2200301 4500 | ||
|---|---|---|---|
| 001 | BR9500188 | ||
| 003 | BR-BrBNA | ||
| 005 | 20231205093819.0 | ||
| 007 | ta | ||
| 008 | 230509b bl.|||p| |||| 00| 00por d | ||
| 040 |
_aBR-BrBNA _bpor _cBiblioteca Nacional de Agricultura |
||
| 041 | _a(Pt) | ||
| 072 | _aL51 | ||
| 100 | 1 | _aVetti, D.M.S.S. | |
| 100 | 1 | _aAbdalla, A.L. | |
| 100 | 1 | _aMeirelles, C.F. | |
| 100 | 1 | _aSilva Filho, J.C. da | |
| 100 | 1 | _aLouvandini, H. | |
| 245 | 1 | _aAbsorcao real do fosforo de diferentes fontes para ovinos, atraves do uso de radiofosforo (P-32) | |
| 650 | _aOvino | ||
| 650 | _aFosforo | ||
| 650 | _aGaiola de Metabolismo | ||
| 650 | _aSuplemento Alimentar | ||
| 650 | _aNutricao Animal | ||
| 773 | 0 |
_tPesquisa Agropecuaria Brasileira (Brazil) _xISSN 0100-204X _g(Oct 1992), v. 27(10) p. 1405-1408 _wBR9500188 |
|
| 909 |
_a202311 _bLúcia _c55 _dLúcia Elande |
||
| 942 |
_2AGRIS _n0 _cANA |
||
| 999 |
_c140527 _d140527 |
||